| 000 | 01447nam a2200217Ia 4500 | ||
|---|---|---|---|
| 003 | Ost | ||
| 005 | 20260507075016.0 | ||
| 008 | 260507s9999||||xx |||||||||||||| ||und|| | ||
| 040 | _cfsecg | ||
| 041 | _aara | ||
| 082 | _a332.4 | ||
| 100 |
_aالطراد، اسماعيل ابراهيم _eمؤلف |
||
| 245 | 0 |
_aإدارة العملات الأجنبية / _c اسماعيل ابراهيم الطراد |
|
| 260 |
_aاربد: _bمطبعة الروزنا, _c2001 |
||
| 300 |
_a392 صفحة؛ _bإيضاحات ؛ _c24 سم |
||
| 520 | _aالمفاهيم الأساسية للتعامل بالعملات الأجنبية-أسعار الصرف-تسمية أسعار العملات الأجنبية-غرفة التعامل بالعملات الأجنبية-عمليات التعامل الآني-الأسعار المتقاطعة-عمليات المراجعة-السوق النقدي-عمليات التعامل الآجل-عمليات التبديل-مخاطر ومشاكل التعامل بالعملات الأجنبية-محاسبة عمليات العملات الأجنبية-شهادات الإيداع-سوق اليورودولار-العملة الأوروبية الموحدة(اليورو)-حقوق خيار العملات-مستقبليات العملة-التنبؤ بأسعار صرف العملات الأجنبية | ||
| 653 | _aالأسعار | ||
| 653 | _aالنقود | ||
| 653 | _aسلة العملات | ||
| 942 | _cكتاب | ||
| 999 |
_c42217 _d42217 |
||